Study Guide to Accompany Fundamentals of Marketing
Guardado en:
| Autor principal: | |
|---|---|
| Formato: | Libro |
| Lenguaje: | inglés |
| Publicado: |
New York
MacGraw-Hill
1991
|
| Edición: | 1. ed. |
| Materias: | |
| Etiquetas: |
Sin Etiquetas, Sea el primero en etiquetar este registro!
|
MARC
| LEADER | 00000nam a2200000 4500 | ||
|---|---|---|---|
| 001 | c001039 | ||
| 005 | 20221214102236.0 | ||
| 020 | |a 0-07-060955-1 | ||
| 041 | 0 | |a eng | |
| 044 | |a US | ||
| 245 | 1 | 0 | |a Study Guide to Accompany Fundamentals of Marketing |c William J. Stanton |
| 250 | |a 1. ed. | ||
| 264 | 1 | |a New York |b MacGraw-Hill |c 1991 | |
| 300 | |a 372 s. | ||
| 610 | 2 | 0 | |a marketing |
| 610 | 2 | 0 | |a trh |
| 610 | 2 | 0 | |a výrobky |
| 610 | 2 | 0 | |a tvorba cien |
| 610 | 2 | 0 | |a predaj |
| 610 | 2 | 0 | |a služby |
| 610 | 2 | 0 | |a trh medzinárodný |
| 610 | 2 | 0 | |a manažment |
| 610 | 2 | 0 | |a distribúcia |
| 100 | 1 | |a Stanton, William J. | |